Healthy heart diet book / (Record no. 76477)

MARC details
000 -LEADER
fixed length control field 00521nam a22001817a 4500
005 - DATE AND TIME OF LATEST TRANSACTION
control field 20130611152820.0
010 ## - LCCN (DPL NO)
LC control number ENG-107560
020 ## - INTERNATIONAL STANDARD BOOK NUMBER
International Standard Book Number 9788122203448
Terms of availability 245.00
035 ## - SYSTEM CONTROL NUMBER
System control number EN-91093
037 ## - SOURCE OF ACQUISITION
Source of stock number/acquisition DBAD/PUB
082 ## - DEWEY DECIMAL CLASSIFICATION NUMBER
Classification number 641.5638
100 ## - MAIN ENTRY--PERSONAL NAME
Personal name Padma Vijay, G.
245 ## - TITLE STATEMENT
Title Healthy heart diet book /
Statement of responsibility, etc by G. Padma Vijay
260 ## - PUBLICATION, DISTRIBUTION, ETC. (IMPRINT)
Place of publication, distribution, etc New Delhi
Name of publisher, distributor, etc Orient Paperbacks
Date of publication, distribution, etc 2012
270 ## - ADDRESS
Address 5A/8 Ansari Road
City New Delhi
Postal code 110002
300 ## - PHYSICAL DESCRIPTION
Extent 191p.:
Dimensions 22cm(pbk)
Other physical details ill.
942 ## - ADDED ENTRY ELEMENTS (KOHA)
Source of classification or shelving scheme Dewey Decimal Classification
Item type English Books
Call number suffix PAD
Classification part 641.5638
Holdings
Withdrawn status Lost status Not for loan Collection code Home library Current library Date acquired Source of acquisition Cost, normal purchase price Full call number Barcode Copy number Cost, replacement price Koha item type
      Non-fiction Bawana Bawana 05/06/2013 DBAD/PUB 245.00 641.5638 PAD EN-91093 1 245.00 English Books

© Delhi Public Library
Hit Counter
free hit counter